| 000 | 00894nam a22002417a 4500 | ||
|---|---|---|---|
| 999 |
_c18008 _d18008 |
||
| 003 | AR-CdUCM | ||
| 008 | 190511b ||||| |||| 00| 0 spa d | ||
| 040 |
_aMUNICIPALIDAD PROVINCIAL DEL CUSCO _cBIBLIOTECA MUNICIPAL DEL CUSCO |
||
| 041 | _heng | ||
| 082 |
_a118 / _bB87 |
||
| 100 |
_aBuchner, Luis _930101 |
||
| 245 |
_aFuerza y materia : _bestudios populares de historia y filosofía naturales / |
||
| 260 |
_aValencia : _bPrometeo, |
||
| 300 |
_a236 páginas ; _c18 cm. |
||
| 500 | _aDedicatoria | ||
| 505 | _aContenido: Fuerza y materia -- Inmortalidad de la materia -- Infinito de la materia -- Universalidad de las leyes naturales -- Inteligencia -- La idea de Dios -- Alma animal ... | ||
| 650 |
_aMateria _9883 |
||
| 650 |
_aFilosofía _9395 |
||
| 650 |
_aFilosofía empírica _938328 |
||
| 700 |
_aGómez Pinilla, A. _929893 |
||
| 942 |
_2ddc _cLIBROS |
||
| 945 |
_aacv _d2019-05-11 |
||